000 00863nam a2200277 i 4500
001 C2-0334962
003 PPAK
005 20201112112121.0
008 151208s2014 my a|||| ||||| | may d
020 _a9789670642147
040 _aPPAK
_beng
_cPPAK
_erda
082 0 4 _a915.9504
_223
090 0 0 _a915.9504
_bKOT
_dK
245 0 0 _aKOTA / KUBU PERTAHANAN /
_cPenyusun: AZILAH AZIZ
264 1 _aKluang, Johor :
_bAkiz Construction & Services ,
_c2014
300 _a40 pages :
_bcolour illustrations ;
_c26 cm
336 _2rdacontent
_atext
337 _2rdamedia
_aunmediated
338 _2rdacarrier
_avolume
490 1 _aDestinasi Cuti-cuti Malaysia
500 _aIncludes exercises and glossary.
651 0 _aMalaysia
_xDescription and travel.
700 0 _aAzilah Aziz,
_ecompiler.
830 0 _aDestinasi cuti-cuti Malaysia
942 _cB
_2ddc
999 _c133356
_d133356